| 000 | 01447cam a2200301 a 4500 | ||
|---|---|---|---|
| 005 | 20140903175033.0 | ||
| 008 | 140226s2011 ck a frn 001 0 spa d | ||
| 020 | _a9789588463037 (Colección) | ||
| 020 | _a9789588736136 | ||
| 040 |
_aCO-BoUCM _bspa _cRoberto Burgos _dHenry Ríos |
||
| 041 | 0 | _aspa | |
| 043 | _as-ck-cd | ||
| 100 | 1 |
_aPretelt Burgos, Manuel Ezequiel _957292 |
|
| 245 | 1 | 0 |
_aMonografía de Cartagena _bColombia _cManuel Ezequiel Pretelt Burgos ; prólogo Alfonso Múnera Cavadia |
| 250 | _a2a ed | ||
| 260 |
_aCartagena, Colombia _bUniversidad de Cartagena _bInstituto Internacional de Estudios del Caribe _bAlcaldia Mayor de Cartagena de Indias _bInstituto de Patrimonio y Cultura de Cartagena _c2011 |
||
| 300 |
_a287 páginas _bilustraciones |
||
| 490 | 0 |
_aColección Biblioteca Bicentenario de la la Independencia de Cartagena de Indias _v8 _957293 |
|
| 500 | _aIncluye índice | ||
| 650 | 7 |
_944409 _aIdentidad cultural _zCartagena de Indias (Bolívar, Colombia) |
|
| 651 | 4 |
_aCartagena de Indias (Bolívar, Colombia) _xHistoria _957257 |
|
| 651 | 4 |
_aCartagena de Indias (Bolívar, Colombia) _xPolítica y Gobierno _957294 |
|
| 651 | 4 |
_aCartagena de Indias (Bolívar, Colombia) _xVida social y costumbres _944525 |
|
| 690 |
_942845 _aHistoria de Colombia |
||
| 700 | 1 |
_aMúnera Cavadia, Alfonso _d1953- _eprólogo _957295 |
|
| 942 |
_a21 _cLIBRO _e1 _mP942 _2DEWEY _h986.1861142 |
||
| 999 |
_c239555 _d239555 |
||